000
00330nam a22001337a 4500
008
250325b |||||||| |||| 00| 0 eng d
020
_a
9783436708
050
_a
PR9387
_b
.H34
100
_a
HAGHERS Iyorwuese
245
_a
Leoparditude and African Drama
260
_a
Nigeria
_b
Al-Bishak
_c
2000
300
_a
xvi, 340p.
942
_c
BK
999
_c
2695
_d
2695